All players with over 100 Receiving Yards NFC North - Statistics

General Stats
  • This quiz has been taken 32 times
  • The average score is 16 of 35
Answer Stats
Team Yards Answer % Correct
Packers 1,374 Davante Adams
89%
Vikings 1,400 Justin Jefferson
89%
Vikings 925 Adam Thielen
79%
Bears 1,250 Allen Robinson
75%
Packers 355 Aaron Jones
71%
Lions 978 Marvin Jones Jr.
71%
Lions 338 Kenny Golladay
68%
Lions 187 Kerryon Johnson
64%
Vikings 189 Olabisi Johnson
64%
Lions 723 T.J. Hockenson
64%
Packers 451 Allen Lazard
61%
Packers 236 Jamal Williams
61%
Vikings 361 Dalvin Cook
57%
Packers 586 Robert Tonyan
57%
Bears 632 Darnell Mooney
54%
Vikings 365 Irv Smith Jr.
54%
Bears 243 Cole Kmet
50%
Packers 117 Equanimeous St. Brown
50%
Packers 690 Marquez Valdes-Scantling
50%
Bears 438 David Montgomery
46%
Bears 456 Jimmy Graham
46%
Vikings 334 Kyle Rudolph
46%
Lions 357 D'Andre Swift
39%
Packers 107 Marcedes Lewis
39%
Lions 101 Adrian Peterson
36%
Vikings 125 Alexander Mattison
29%
Vikings 194 Tyler Conklin
25%
Bears 485 Anthony Miller
21%
Vikings 201 Chad Beebe
18%
Bears 132 Cordarelle Patterson
18%
Packers 114 Jace Sternberger
18%
Lions 602 Danny Amendola
11%
Lions 349 Quintez Cephus
7%
Lions 129 Jesse James
4%
Lions 187 Mohamed Sanu
4%
No matching quizzes found
Score Distribution
Percent of People with Each Score
Percentile by Number Answered
Your Score History
You have not taken this quiz